000 00941nam a2200265 a 4500
001 65319
003 BD-RjUL
005 20211209081417.0
008 170104s1961 nyua 000 0 eng d
035 _a(BD-RjUL)65449
040 _aDLC
_cWSU
_dSER
_dEQO
_dBD-RjUL
_beng
041 _aeng
082 _a959.7
_223
_bTAC 1961
100 1 _aTanham, George K.
_q(George Kilpatrick)
_9193329
245 1 0 _aCommunist revolutionary warfare :
_bthe Vietminh in Indochina /
_cGeorge K. Tanham
260 _aNew York :
_bPraeger,
_cc1961
300 _a166 p. :
_bill. ;
_c22 cm.
490 1 _aPraeger publications in Russian history and world communism ;
_vno 96
504 _aIncludes bibliographical references.
650 0 _aGuerrilla warfare.
_9177533
650 0 _aCommunism
_zVietnam.
_9193300
651 0 _aVietnam
_xHistory.
_9192671
830 0 _aPraeger publications in Russian history and world communism ;
_vno 96
_9125632
942 _2ddc
_cBK
999 _c65319
_d65319